| 000 | 00659nam a2200229 a 4500 | ||
|---|---|---|---|
| 005 | 20240316063723.0 | ||
| 008 | 991125c1967 mx 000 0 spa u | ||
| 020 | _a9684190999 | ||
| 035 | _aUPN01000014934 | ||
| 049 | _aCG | ||
| 050 | 4 |
_aB63 _bK6.38a |
|
| 100 | 1 | _aKosik, Karel | |
| 245 | 1 | 0 |
_aDialéctica de lo concreto / _cKarel Kosik ; tr. Adolfo Sánchez Vázquez. |
| 260 |
_aMéxico : _bGrijalbo, _c1967. |
||
| 300 | _a269 p. | ||
| 440 | 0 | _aEnlace | |
| 590 | _a(También localizas un ejemplar en el "Area de Reserva") | ||
| 590 | _aBibliografía Básica (BGTQ) | ||
| 650 | 4 |
_aFilosofía _95327 |
|
| 650 | 2 |
_aMaterialismo _97265 |
|
| 905 | _aLibro | ||
| 999 |
_c14934 _d14934 |
||